000 00342nam a2200133 i 4500
001 bg
245 0 _aTechnika naprawy gramofonów i wzmacniaczy /
_c[aut. Michał Jadczyk et al.].
260 _aWarszawa,
_c1974.
700 1 _aJadczyk, Michał.
040 _cBPK
041 _apol
942 _cKS
008 s pl f |000 0 pol
999 _c26129
_d26129
856 _uhttp://koha.tu.koszalin.pl/cgi-bin/koha/opac-detail.pl?biblionumber=26129
_yKatalog online BPK